|
|
|
|
| LEADER |
02675nam a22005415i 4500 |
| 001 |
978-1-4020-5758-8 |
| 003 |
DE-He213 |
| 005 |
20151204181808.0 |
| 007 |
cr nn 008mamaa |
| 008 |
100301s2007 ne | s |||| 0|eng d |
| 020 |
|
|
|a 9781402057588
|9 978-1-4020-5758-8
|
| 024 |
7 |
|
|a 10.1007/978-1-4020-5758-8
|2 doi
|
| 040 |
|
|
|d GrThAP
|
| 050 |
|
4 |
|a BC1-199
|
| 072 |
|
7 |
|a HPL
|2 bicssc
|
| 072 |
|
7 |
|a PHI011000
|2 bisacsh
|
| 082 |
0 |
4 |
|a 160
|2 23
|
| 245 |
1 |
0 |
|a Husserl’s Logical Investigations in the New Century: Western and Chinese Perspectives
|h [electronic resource] /
|c edited by Kwok-Ying Lau, John J. Drummond.
|
| 264 |
|
1 |
|a Dordrecht :
|b Springer Netherlands,
|c 2007.
|
| 300 |
|
|
|a VIII, 184 p.
|b online resource.
|
| 336 |
|
|
|a text
|b txt
|2 rdacontent
|
| 337 |
|
|
|a computer
|b c
|2 rdamedia
|
| 338 |
|
|
|a online resource
|b cr
|2 rdacarrier
|
| 347 |
|
|
|a text file
|b PDF
|2 rda
|
| 490 |
1 |
|
|a Contributions to Phenomenology, In Cooperation with the Center for Advanced Research in Phenomenology,
|x 0923-9545 ;
|v 55
|
| 505 |
0 |
|
|a History and Substance of Husserl’s Logical Investigations -- Youding SHEN: The First Phenomenologist in China -- Husserl’s Attack on Psychologism and its Cultural Implications -- Between Saying and Showing: Reflections on Husserl’s Theory of Occasional Expressions -- Pure Logical Grammar: Identity Amidst Linguistic Differences -- The Problem of the Phenomenology of Feeling in Husserl and Scheler -- Intentionality and Religiosity: Religion from a Phenomenological Viewpoint -- Desiring to Know through Intuition -- Authentic Thinking and Phenomenological Method -- The Problem of Being in Logical Investigations -- Foucault and Husserl’s Logical Investigations: the Unsuspected French Connection.
|
| 650 |
|
0 |
|a Philosophy.
|
| 650 |
|
0 |
|a Logic.
|
| 650 |
|
0 |
|a Modern philosophy.
|
| 650 |
|
0 |
|a Language and languages
|x Philosophy.
|
| 650 |
|
0 |
|a Philosophy of mind.
|
| 650 |
|
0 |
|a Phenomenology.
|
| 650 |
1 |
4 |
|a Philosophy.
|
| 650 |
2 |
4 |
|a Logic.
|
| 650 |
2 |
4 |
|a Phenomenology.
|
| 650 |
2 |
4 |
|a Modern Philosophy.
|
| 650 |
2 |
4 |
|a Philosophy, general.
|
| 650 |
2 |
4 |
|a Philosophy of Mind.
|
| 650 |
2 |
4 |
|a Philosophy of Language.
|
| 700 |
1 |
|
|a Lau, Kwok-Ying.
|e editor.
|
| 700 |
1 |
|
|a Drummond, John J.
|e editor.
|
| 710 |
2 |
|
|a SpringerLink (Online service)
|
| 773 |
0 |
|
|t Springer eBooks
|
| 776 |
0 |
8 |
|i Printed edition:
|z 9781402057571
|
| 830 |
|
0 |
|a Contributions to Phenomenology, In Cooperation with the Center for Advanced Research in Phenomenology,
|x 0923-9545 ;
|v 55
|
| 856 |
4 |
0 |
|u http://dx.doi.org/10.1007/978-1-4020-5758-8
|z Full Text via HEAL-Link
|
| 912 |
|
|
|a ZDB-2-SHU
|
| 950 |
|
|
|a Humanities, Social Sciences and Law (Springer-11648)
|